LEADER 01496nam1 22003973i 450 001 CAG0771038 005 20170908093257.0 100 $a20101208g1963 ||||0itac50 ba 101 | $aita 102 $ait 181 1$6z01$ai $bxxxe 182 1$6z01$an 200 1 $a˜I œmiti greci$fRobert Graves$gtraduzione di Elisa Morpurgo$gpresentazione di Umberto Albini 210 $a[Milano]$cIl Giornale 215 $a v.$d22 cm 300 $aIn cop. : Dei ed eroi in Omero 300 $aSuppl. a: Il Giornale. 312 $aTit. orig.: Greek myths$9RAV0139271 463 1$1001CAG0771113$12000 $a1$fRobert Graves$v1 463 1$1001CAG0771119$12000 $a2$fRobert Graves$v2 500 10$aGreek myths. -$3RAV0139271$9CFIV090889$9283650 606 $aMITI$xGrecia antica$2FIR$3NAPC133977$9I 676 $a292.13$9MITOLOGIA$v21 700 1$aGraves$b, Robert$3CFIV090889$4070$0131798 702 1$aMorpurgo$b, Lisa$3CFIV012096 702 1$aAlbini$b, Umberto$3CFIV038323 790 1$aMorpurgo$b, Elisa$3CFIV195364$zMorpurgo, Lisa 790 1$aRanke Graves$b, Robert : von$3IEIV146624$zGraves, Robert 801 3$aIT$bIT-NA0079$c20101208 850 $aIT-BN0098$aIT-BN0052 912 $aCAG0771038 950 1$aCentro di cultura Raffaele Calabria$bv. 1$d CUF. PAREO E2 142 950 1$aBibl. Convento Frati Minori S. Maria delle Grazie$d MGA 33.4. 25 977 $a CU$a MG 996 $aGreek Myths$9283650 997 $aUNISANNIO LEADER 01201nam2-2200373---450- 001 990002120370203316 005 20100730103725.0 035 $a000212037 035 $aUSA01000212037 035 $a(ALEPH)000212037USA01 035 $a000212037 100 $a20041028d1967----km-y0itay0103----ba 101 $aita 102 $aIT 105 $a||||||||001yy 200 1 $a<<1.2>> : Delle persone e della famiglia. Filiazione. Tutela degli incapaci. Alimenti$eAtti dello stato civile$fMario Stella Richter, Vittorio Sgroi 210 $aTorino$cUTET$d1967 215 $aXXIV, 786 p.$d24 cm 410 $12001 454 1$12001 461 1$1001000211992$12001 606 0 $aCodice civile 676 $a346 700 1$aSTELLA RICHTER,$bMario$0228110 701 1$aSGROI,$bVittorio$0147151 801 0$aIT$bsalbc$gISBD 912 $a990002120370203316 951 $aXXV.1.B. 698 1.2 (346 COM 1/II)$b22 G.$cXXV.1.B. 698 1.2 (346 COM)$d00274413 959 $aBK 969 $aGIU 979 $aSIAV7$b10$c20041028$lUSA01$h1312 979 $aRSIAV4$b90$c20100730$lUSA01$h1037 996 $aDelle persone e della famiglia. Filiazione. Tutela degli incapaci. Alimenti$91036856 997 $aUNISA